000 00297nam a22001217a 4500
008 180227b xxu||||| |||| 00| 0 eng d
041 _aeng
080 _a32
100 _a20
101 _aPOL
245 _aScience policy from ford to reagan change and continuity
_cBarfield,C.E
942 _2udc
_cBK
999 _c43633
_d43633